00671cam a2200157Ia 4500082001500000245002900015260010600044300002600150490003100176500014400207650001700351650002000368942000700388999001500395952010300410 a657.42 COS10aCost control accounting. aWashington, D.C. :bOffice of Industrial Resources, International Cooperation Administration,c[1959] aiii, 76 p. :bforms ;1 aTechnical bulletin no.60 ; a"Developed and prepared for the International Cooperation Administration by the George H. Andrews Engineering Associates, Inc."-- Foreword. 0aCost control 0aCost accounting cBK c3743d3743 0010708NFICaICbICcGENd2016-11-19l0o657.42 COSp001053r2022-11-17 00:00:00w2016-11-19yBK